00000000cas 2200000za 4500
0019.505896
003CaOODSP
00520260213152731
007cr |||||||||||
008150406c20079999mbcar p o    f0   a0eng|d
022 |a1925-2153
040 |aCaOODSP|beng
043 |an-cn---
0861 |aA120-14E-PDF
222 0|aAgriStability and AgriInvest Program
24500|aAgriStability and AgriInvest Program |h[electronic resource] : |bcorporation/co-operative and special individual - harmonized form and guide.
24613|aAgriStability and AgriInvest Program : |bcorporation/co-operative and special individual harmonized guide|f2019-
24633|iIssues 2024- have title: |aAgriStability and AgriInvest programs : |bcorporation/co-operative and special individual harmonized guide
24637|aAgriStability and AgriInvest Program guide
24637|aAgriStability and AgriInvest programs guide |f2024-
260 |a[Winnipeg] : |b[Agriculture and Agri-Food Canada]
310 |aAnnual
3621 |aBegan with 2007.
500 |aIssued also in French under title: Programmes d'Agri-stabilité et d'Agri-investissement en ...
5203 |aExplains how to complete the enclosed Harmonized AgriStability and AgriInvest form. You can choose to participate in AgriInvest only, AgriStability only, or both programs together, depending on the business risk management needs of your farm.
530 |aIssued also in printed form.
69207|2gccst|aAgricultural assistance
69207|2gccst|aFederal programs
7101 |aCanada. |bAgriculture and Agri-Food Canada.
77508|tProgrammes d'Agri-stabilité et d'Agri-investissement en … |w(CaOODSP)9.502299
7760#|tAgriStability and AgriInvest Program : |w(CaOODSP)9.515658